[Event "Radulescu Memorial"]
[Site "Calimanesti"]
[Date "1999.??.??"]
[Round "11"]
[White "Moldovan, Daniel"]
[Black "Benkovic, Petar"]
[Result "1/2-1/2"]
[WhiteElo "2456"]
[BlackElo "2364"]
[Annotator "Finkel,A"]
[PlyCount "71"]
[EventDate "1999.02.??"]
[EventType "tourn"]
[EventRounds "13"]
[EventCountry "ROU"]
[EventCategory "8"]
[SourceTitle "CBM 070"]
[Source "ChessBase"]
[SourceDate "1999.06.08"]
[SourceVersion "1"]
[SourceVersionDate "1999.06.08"]
[SourceQuality "1"]

1. e4 e6 2. d4 d5 3. Nd2 dxe4 4. Nxe4 Nd7 5. Nf3 Ngf6 6. Nxf6+ Nxf6 7. Bd3 c5
8. O-O cxd4 9. Nxd4 Bc5 10. Nf3 {Harmless variation not promising white any
opening advantage.} (10. c3 $5 O-O 11. Bg5 (11. Bf4 Bxd4 12. cxd4 Bd7 13. Rc1
Bc6 14. Be5 Nd7 15. Qc2 h6 16. Bf4 {1/2-1/2 Payen Arnaud-Dolgener Tobias/It (b)
(cat.3), Budapest (Hungary) 1995}) 11... h6 12. Bh4 Bxd4 $5 13. cxd4 Bd7 14.
Re1 Bc6 15. Re5 $1 (15. Bc2 Qd5 16. f3 Rad8 17. Bxf6 gxf6 18. Re4 f5 19. Rh4
Kg7 20. Qd2 Rh8 $13) 15... Qe7 16. Bc2 Rfd8 17. Qd3 Rac8 $132 {1/2-1/2
Arencibia,W-Nogueiras,J/Capablanca Elite 1997}) (10. Nb3 $5 Bd6 (10... Be7 11.
c3 Bd7 12. Qc2 O-O 13. Bg5 h6 14. Bh4 Rc8 $6 (14... Qc7 15. Bg3 Bd6 16. Rad1
Bxg3 17. hxg3 Rad8 $11) 15. Rad1 Qc7 16. Bg3 $14 {Erhan,R-De Blecourt,S/WchJW
U14 Duisburg 1992/1-0 (51)}) 11. Bg5 (11. Qf3 $5 Qc7 12. h3 Bd7 13. Nd4 Be5 $5
14. Nb5 Qb8 15. Re1 a6 16. Nc3 Bc6 $13 {Kuzmin,G-Chernin,A/Irkutsk 1983 (40)})
11... h6 (11... Bd7 12. Qe2 (12. a4 $5 Qc7 13. h3 Bh2+ 14. Kh1 Be5 15. c3 h6
16. Bd2 $14 {Tseshkovsky,V-Doroshkievich,V/Rostov op 1993 (42)}) 12... Qc7 13.
Kh1 Be5 14. c3 h6 15. Bd2 Bf4 16. Rad1 O-O $11 {Nielsen,P-Pushkov,N/Azov 1993 
(22)}) 12. Bh4 Qc7 13. Bg3 $5 Bxg3 14. hxg3 O-O 15. Qe2 e5 $1 16. Nd2 Bg4 17.
f3 Bd7 $11 {Suetin,A-Speelman,J/London Lloyds 1991/0-1 (50)}) (10. Be3 $5 Bb6
11. Qd2 (11. c3 $5 O-O 12. Re1 Re8 13. Nb5 $5 Bxe3 14. Rxe3 Qe7 15. Qf3 a6 16.
Nd4 $14 {Beliavsky-Ehlvest/32nd Chess Olympiad, Yerevan 1996/1-0 (78)}) 11...
O-O 12. Nf3 Bxe3 13. Qxe3 b6 14. Ne5 Bb7 15. c4 Qe7 16. a3 Rfd8 $11 {
Ljubojevic,L-Seirawan,Y/Monaco Amber blind 1994/1/2-1/2 (57)}) (10. Nb5 a6 11.
Nc3 Bd7 12. Qe2 Bc6 13. Bg5 h6 14. Bxf6 Qxf6 15. Ne4 Qe7 16. Nxc5 Qxc5 $11 {
1/2-1/2 Zaitsev,I-Pushkov,N/RUS-chT Podolsk 1992}) 10... O-O 11. b3 ({Also
after} 11. Bg5 b6 12. Qe2 Bb7 13. Rad1 Qc7 14. Ne5 Rfd8 (14... Nd5 $6 15. c4
Ne3 $2 16. Bxh7+ $1 Kxh7 17. Qh5+ Kg8 18. Bxe3 $16 {Holzhaeuer,M-Gerber,R/
Bodensee Cup 1996 (30)}) 15. Rfe1 h6 16. Bxf6 gxf6 17. Ng4 Qf4 18. Be4 Bxe4 19.
Qxe4 Qg5 20. Qf3 $11 {black easily keeps the balance;1/2-1/2 Van der Wiel,
J-Cifuentes Parada,R/NLD-ch 1997}) (11. Qe2 b6 12. Be3 Qc7 13. Bxc5 Qxc5 14.
Qe5 Qxe5 15. Nxe5 Bb7 $11 {1/2-1/2 Petrushin,A-Pushkov,N/Azov 1993}) 11... b6
12. Bb2 (12. Qe2 Bb7 13. Bb2 Qe7 14. Ne5 Rfd8 15. Ng4 $6 Nd5 $15) 12... Bb7 13.
c4 Qe7 14. Qe2 Rad8 15. Rad1 Rd6 16. Bc3 {[%cal Gb3b4]} ({It's to dangerous
for white to play} 16. Ng5 $6 h6 $5 (16... Rfd8 17. Bxf6 gxf6 $2 (17... Qxf6
18. Bxh7+ Kf8 19. Be4 $8 Qxg5 (19... Qxf2+ $5 20. Qxf2 Bxf2+ 21. Kxf2 Rxd1 22.
Rxd1 Rxd1 23. Bxb7 Rd2+ 24. Ke3 Rxa2 $132) 20. Rxd6 Rxd6 21. Bxb7 Rd2 $15) 18.
Qh5 $1) 17. Bxf6 gxf6 18. Ne4 (18. Nf3 $5 Rfd8 19. Bc2 Rxd1 20. Rxd1 Rxd1+ 21.
Qxd1 $11) 18... Bxe4 19. Bxe4 f5 $15) 16... a5 $5 17. Bc2 $5 Rxd1 ({It was
possible to play} 17... Rfd8 {,but it wouldn't change the character of the
game.}) 18. Rxd1 Rd8 19. Ne5 Rxd1+ 20. Qxd1 Qd6 (20... Bd6 21. Ng4 Nxg4 22.
Qxg4 f5 $11) 21. Qxd6 Bxd6 22. f3 $5 {Preventing Be4 and restricting black
knight.} Kf8 23. Kf2 Bc5+ 24. Ke2 Ke7 25. Nd3 (25. g3 $6 Bg1 26. h4 Nh5 27. g4
Nf4+ 28. Kf1 Be3 $15 {[%csl Rf3]}) 25... Bd6 26. Bd4 Bc7 ({Deserved attention} 
26... Nd7 $5 27. Bxg7 Bxh2 28. Bd4 Bd6 29. Nf2 h5 $11 {with equal chanses}) 27.
g3 $6 ({The only chanse to create something was} 27. c5 $1 bxc5 28. Bxc5+ Ke8 (
28... Bd6 29. Bb6 a4 $5 30. bxa4 Bxh2 31. Nc5 Bc6 32. a5 $14) 29. g3 Bc6 30.
Bd4 Bb5 31. Kf2 $14 {with symbolical advantage.}) 27... g6 28. Nb2 (28. c5 $5
Nd7 $11) 28... Nd7 $11 29. Na4 Bc6 30. Nc3 f5 $1 31. f4 e5 32. fxe5 Nxe5 $5 (
32... Bxe5 33. Ke3 Kd6 34. Ne2 $11) 33. Nb5 Nf3 $5 (33... Bxb5 $5 34. cxb5 Nd7
$5 35. Bd3 Bd6 (35... Be5 36. Be3 h5 37. Kf3 Kf6 38. Bc4 $11) 36. a4 Bc5 37.
Bc3 $11) 34. Be3 Bxb5 35. Kxf3 Bc6+ 36. Kf2 1/2-1/2

[Event "EU-ch 4th"]
[Site "Istanbul"]
[Date "2003.06.13"]
[Round "13"]
[White "Bologan, Viktor"]
[Black "Milov, Vadim"]
[Result "1/2-1/2"]
[WhiteElo "2663"]
[BlackElo "2574"]
[Annotator "Finkel,A"]
[PlyCount "83"]
[EventDate "2003.05.30"]
[EventType "swiss"]
[EventRounds "13"]
[EventCountry "TUR"]
[SourceTitle "CBM 096"]
[Source "ChessBase"]
[SourceDate "2003.09.25"]
[SourceVersion "1"]
[SourceVersionDate "2003.09.25"]
[SourceQuality "1"]

{[%mdl 512]} 1. e4 e6 (1... c5 2. c3 d5 3. exd5 Qxd5 4. d4 e6 5. Nf3 Nf6 6. Na3
Qd8 7. Nc4 Nc6 8. Nce5 Nxe5 9. Nxe5 Be7 (9... Nd7 10. Bb5 Bd6 11. O-O (11. Qg4
O-O 12. Bh6 Qf6 13. Nxd7 Bxd7 14. Bg5 Qg6 15. Bxd7 Rad8 16. Ba4 h6 $13 {
Jeric,S-Podlesnik,B/SLO 1991}) 11... a6 12. Bxd7+ Bxd7 13. Qh5 $16) (9... a6
10. Be3 cxd4 (10... Qc7 11. Qa4+ Bd7 12. Nxd7 Qxd7 13. Qxd7+ Nxd7 14. O-O-O
O-O-O 15. g3 $14 {Notkin,M-Mironov,I/Minsk 2001}) 11. Qxd4 Qxd4 12. Bxd4 b5 13.
b4 Nd5 14. Be2 f6 15. Nd3 Bb7 16. f4 $14 {Hort,V-Dydyshko,V/Debrecen 1992/
EU-chT}) (9... Qa5 $6 10. Qb3 a6 11. Nc4 Qc7 12. Qb6 Qb8 13. Bg5 $16 {Doring,
R-Grabliauskas,V/Litomysl 1996}) 10. Bb5+ Kf8 {1/2-1/2 Maciejewski,A-Doda,Z/
Polanica Zdroj 1976/MCL (10)}) 2. d4 d5 3. Nc3 dxe4 4. Nxe4 Nd7 5. Nf3 Ngf6 6.
Nxf6+ Nxf6 7. c3 c5 8. Ne5 (8. Be3 Qc7 (8... cxd4 9. Bxd4 Be7 10. Ne5 (10. Bd3
O-O 11. Qe2 Qc7 12. O-O Rd8 13. Rad1 Bd7 14. Ne5 Be8 15. Ng4 Nxg4 16. Qxg4 g6
$11 {Sadvakasov,D-Mirzoev,A/Dubai 1999}) 10... O-O 11. Bd3 Qc7 12. O-O Rd8 13.
Qf3 $14) 9. Ne5 a6 (9... Bd6 $6 10. Bb5+ Ke7 11. Nc4 $1 Bd7 12. Bxd7 Nxd7 13.
Nxd6 Qxd6 14. dxc5 Qxd1+ 15. Rxd1 $14 {Zakharov,A-Dokuchaev,A/RUS-Cup9
Novgorod (6) 1997 (37)}) 10. Qa4+ Nd7 11. O-O-O cxd4 12. Nxd7 $5 (12. Bxd4 Bd6
$11) 12... Qxd7 (12... Bxd7 $5 13. Qxd4 Bc6 $13 {/\Rd8=}) 13. Qc2 Bc5 14. Bxd4
Bxd4 15. Rxd4 Qc7 16. Bd3 Bd7 17. g3 h6 18. Rd1 O-O-O 19. Rc4 Bc6 20. Be4 Rxd1+
21. Qxd1 Rd8 22. Qf3 Rd6 23. h4 Kb8 24. Bxc6 Rxc6 25. Rxc6 bxc6 26. h5 Kb7 27.
Kc2 f5 28. Qd3 Qf7 29. Qe2 {Adams,M-Anand,V/Linares/2002/} g6 $5 $11 {/+/=}) (
8. Bg5 Be7 9. Bxf6 $6 gxf6 $6 10. Qa4+ Bd7 11. Bb5 a6 12. Bxd7+ Qxd7 13. Qxd7+
Kxd7 14. O-O-O cxd4 15. Nxd4 Kc7 $11 {Van den Berg,A-Bohm,H/NLD-chT 1995 (28)})
(8. Bb5+ Bd7 9. Bxd7+ Qxd7 10. Be3 cxd4 11. Bxd4 Be7 12. O-O (12. Ne5 Qd5 13.
O-O O-O 14. c4 Qd6 15. Nf3 Rfd8 16. Qe2 Qf4 $11 {Stojanovic,D-Boskovic,D/
Subotica 2000}) 12... O-O 13. Qe2 Qc7 14. Rad1 Rfd8 $11 {Dvoirys,S-Zakharevich,
I/1/2 final Russia Cup, Perm RUS 1997 (21)}) (8. Bd3 b6 $6 9. Ne5 Bd6 10. Qf3
Bd7 11. Be4 Rc8 12. Bb7 Rc7 13. Nc4 Be7 14. Bf4 $16 {Abuin Boullon,M-Perez,S/
Lalin 2000}) 8... a6 (8... Qa5 9. Be3 (9. Bf4 cxd4 10. Qxd4 Bc5 11. Nc4 Bxd4
12. Nxa5 Nd5 $13 {Levy,D-Miyasaki,Y/Skopje 1972}) (9. Qb3 $5 $36) 9... cxd4 (
9... Be7 10. Bd3 O-O 11. Qc2 Rd8 12. O-O h6 13. Rfe1 Qc7 14. Rad1 b6 15. Bf4
cxd4 16. Qc1 {1/2-1/2 Henrichs,T-Kiseleva,N/Essen 2002/CBM 88 ext (16)}) 10.
Bxd4 Nd7 11. Nc4 Qd5 $6 12. Qe2 $1 Qg5 13. h4 $16 {Magem Badals,J-Schreuder,R/
Lisbon 2001}) (8... cxd4 9. Bb5+ Bd7 10. Nxd7 Nxd7 11. Qxd4 a6 12. Ba4 (12. Be2
$5 $14) 12... b5 13. Bc2 Nf6 14. Qh4 Nd5 15. Qg4 $14 {Mazenko,S-Bychkov,A/Orsk
2002}) (8... Nd7 $2 9. Bb5 Bd6 $8 (9... a6 10. Qf3 f6 11. Qh5+ g6 12. Nxg6 hxg6
13. Bxd7+ $18) (9... Be7 10. dxc5 Bxc5 11. Qh5 g6 12. Qf3 O-O 13. Bxd7 Bxd7 14.
Bh6 $18) (9... cxd4 10. Qf3 Qf6 11. Nxd7 Qxf3 (11... Bxd7 12. Bxd7+ {1-0 Melia,
S-Nikoladze,S/Batumi 2002/EXT 2003 (12)}) 12. Ne5+ $5 Qc6 13. Nxc6 a6 14. Nxd4+
$16) 10. Qg4 Kf8 $8 (10... g6 $6 11. Qf3 $40 (11. Bh6 $40) (11. Bf4 $40)) (
10... O-O $2 11. Bxd7 $1 Bxe5 (11... Bxd7 12. Bh6 $18) 12. Bxc8 cxd4 13. cxd4
Bxd4 14. Bxb7 $16) 11. O-O $5 (11. Bxd7 $142 Bxd7 12. Bg5 f6 13. Nxd7+ Qxd7 14.
O-O-O $1 $32 {|^}) (11. Bf4 $36) 11... Nxe5 12. dxe5 Bxe5 $132 {Kasparov,
G-Ponomariov,R;Linares 2002}) (8... Qc7 9. Bb5+ Bd7 10. Nxd7 Nxd7 11. Be3 O-O-O
12. O-O Nf6 (12... Bd6 $5 13. g3 h5 14. Qf3 Nf6) 13. Qf3 Bd6 14. g3 Kb8 15.
Rfd1 Nd5 16. dxc5 Bxc5 (16... Nxe3 $2 17. cxd6 Qc5 18. fxe3 Qxb5 19. Qxf7 $18)
17. Bxc5 Qxc5 18. Bf1 $14 {Topalov,V-Milov,V;2002}) 9. Qa4+ (9. Be3 Qc7 10.
Qa4+ Nd7 11. Bb5 cxd4 12. Bxd7+ Bxd7 13. Nxd7 Qxd7 14. Qxd7+ Kxd7 15. Bxd4 f6
$11) (9. Bg5 cxd4 10. Qa4+ Bd7 11. Qxd4 Qc7 12. Nxd7 Nxd7 13. O-O-O f6 14. Bh4
{Damaso,R-Cubero Ferreiro,R/Ferrol 2002}) 9... Bd7 {Black is willing to enter
slightly worse endgame. However it's worth mntioning tht it's extremly
difficult for white to turn his symbolical advantage into somehing real.} (9...
Nd7 10. Be3 $32 (10. Bf4 cxd4 11. Qxd4 Bc5 12. Qe4 Nxe5 13. Qxe5 Qb6 14. O-O-O
O-O $13 {Hansen,S-Degerman,L/Helsingborg 2002})) 10. Nxd7 Qxd7 11. Qxd7+ Kxd7
12. dxc5 Bxc5 13. Bd3 (13. Be2 Rhd8 14. a4 (14. Bf3 Kc7 15. Ke2 e5 $5 $132)
14... a5 15. Bf4 Ke7 16. Bf3 Rd7 17. O-O Rad8 18. Rfe1 h6 19. h4 Nd5 20. Bg3
Bd6 21. Bxd6+ {1/2-1/2 Kasimdzhanov,R-Dorfman,J/Germany 2002/EXT 2003 (21)})
13... Ke7 14. f3 $6 {In my opiion it's better to keep the pawn on f2} (14. Ke2
Rad8 (14... Ng4 15. Bg5+ f6 16. Bh4 g5 17. Bg3 h5 18. h4 $14) 15. Bc2 Rd7 16.
Bf4 Rhd8 17. Rad1 Bd6 18. Bc1 Nd5 19. g3 $14 {and white has more optionts to
play on the kingside comparing to the game.}) 14... Rad8 15. Ke2 Rd7 16. Bf4
Bd6 17. Bg5 {An only chance for white to fight for advantage is to keep the
bishops on the board.} (17. Bxd6+ Rxd6 18. Rad1 Rhd8 19. Bc2 Rxd1 20. Bxd1 Nd5
21. g3 $13) 17... h6 18. Bh4 Rc8 19. Rad1 g5 20. Be1 Nd5 21. g3 Nb6 22. Bd2 Be5
23. Bc1 Nc4 24. f4 $6 {Pushing the wrong pawn.} (24. h4 Bf6 (24... gxh4 25.
Rxh4 b5 26. Rxh6 Bxg3 27. Bg5+ $18) 25. hxg5 hxg5 26. Be4 Rcd8 27. Rxd7+ Rxd7
28. Rh5 $14) 24... gxf4 25. gxf4 Bf6 26. Rhg1 b5 27. Rg3 (27. f5 Rc5 28. fxe6
fxe6 29. b3 Re5+ 30. Kf3 Red5 31. Ke2 $11) 27... h5 28. Rdg1 Rdd8 29. Rd1 a5
30. f5 Rd5 (30... b4 31. fxe6 fxe6 32. cxb4 axb4 $11) 31. fxe6 fxe6 32. Bc2 h4
33. Rf3 Rxd1 34. Bxd1 Rg8 (34... b4) 35. b3 Nd6 36. c4 Rg2+ (36... bxc4 37.
bxc4 Nxc4 38. Bb3 Ne5 $15) 37. Rf2 Rxf2+ 38. Kxf2 bxc4 39. bxc4 Nxc4 40. Bb3
Nb6 41. Be3 Nd5 42. Bd2 1/2-1/2

[Event "RUS-ch 56th"]
[Site "Krasnoyarsk"]
[Date "2003.09.12"]
[Round "9"]
[White "Glek, Igor Vladimirovich"]
[Black "Chernyshov, Konstantin"]
[Result "1-0"]
[WhiteElo "2566"]
[BlackElo "2541"]
[Annotator "Finkel,A"]
[PlyCount "97"]
[EventDate "2003.09.03"]
[EventType "swiss"]
[EventRounds "9"]
[EventCountry "RUS"]
[SourceTitle "CBM 098"]
[Source "ChessBase"]
[SourceDate "2004.02.03"]
[SourceVersion "1"]
[SourceVersionDate "2004.02.03"]
[SourceQuality "1"]

1. e4 e6 2. d4 d5 3. Nc3 dxe4 4. Nxe4 Bd7 5. Nf3 Bc6 6. Bd3 (6. Ned2 $5) 6...
Nd7 7. O-O Ngf6 8. Ned2 Bxf3 (8... Be7 9. Re1 O-O 10. Nc4 $14) 9. Qxf3 $5 {
Much more popular is to 9.N:f3, but a move in the game definitly has his
advantages over the standard N:f3. One of the most important advantages of the
move in the game is an active position of the queen on the kingside. In this
particular game the position of the queen on the kingisde proved to be the
decisive factor.} c6 10. c3 (10. Re1 Be7 11. Nc4 (11. Qg3 Nb6 12. Nf3 g6 13.
Bh6 Bf8 14. Bg5 Be7 15. a4 $14 {Adla,D-Pulido Sanchez,A/Mallorca 2000}) 11...
O-O 12. c3 Nd5 13. Qh3 g6 14. Bh6 Re8 15. Qg3 Bf8 16. Bxf8 $14 {Sokolovs,
A-Aagaard,J/Copenhagen 1997}) (10. a4 Qa5 11. c3 Qh5 12. Qxh5 Nxh5 13. Nc4 Nb6
14. Ne5 $14 {Biti,O-Troselj,T/Pula 1999}) 10... Bd6 $6 $146 {[%cal Gd6c7] An
attempt to prevent an invasion of white knight to e5, however the main
drawback of this move is tht black king gets too exposed.} (10... Be7 11. Re1
O-O 12. a4 (12. Nc4 Qc7 (12... Re8 13. Ne5 Nf8 (13... Nxe5 $5 14. dxe5 Nd7 15.
Bc2 Qc7 16. Bf4 $14) 14. g4 $5 Bd6 15. Bg5 Ng6 16. Rad1 $36 {Glek Igor
V-Lyrberg Patrik/It (open), Copenhagen (Denmark) 1995 (39)}) (12... Nd5 13. Bf4
$5 Nxf4 14. Qxf4 c5 15. Rad1 cxd4 16. Qxd4 Nc5 17. Bc2 $14) 13. Bf4 Qd8 14. Qh3
Re8 15. Ne5 Nf8 16. Rad1 Qa5 17. Bc4 Nd5 18. Qh5 $14 {Kaps,D-Rozic,V/Kranj 2000
}) 12... a5 13. Nc4 Re8 14. Bf4 Nf8 15. Bg3 g6 16. h3 Nd5 17. Ne5 $14 {
Gavrikov,V-Kelecevic,N/Lenk 1995}) 11. Nc4 Bc7 12. Re1 Qb8 {[%csl Ge5]} 13. Qh3
Bf4 (13... O-O 14. Qh4 $1 c5 15. Re3 cxd4 16. Bxh7+ (16. Rh3 h5 17. cxd4 $16)
16... Nxh7 17. Rh3 Ndf6 18. Bg5 Rd8 19. Bxf6 gxf6 20. Qxh7+ Kf8 $16) 14. Ne5 $1
{Nice tactical blow winning a pawn by force.} Bxc1 (14... g5 15. Bxf4 gxf4 16.
Qh6 $18) 15. Nxf7 $1 O-O (15... Kxf7 16. Qxe6+ Kf8 17. Qe7+ Kg8 18. Bc4+ Nd5
19. Qxd7 Bh6 20. Re7 $18) 16. Ne5 Nxe5 (16... Bh6 17. Nxd7 Nxd7 18. Qxe6+ Kh8
19. Qxd7 $18) 17. dxe5 Bh6 18. Qxe6+ Kh8 19. exf6 Rxf6 20. Qe4 $16 Qg8 21. g3
Rd8 22. Re2 Rfd6 23. Bc2 Bg5 24. Rae1 Bf6 25. Qa4 $1 a6 (25... Ra8 26. Qb4 Rd7
27. Bf5 Rc7 28. Qf4 Qd8 29. Re8+ $18) 26. Qb4 b5 (26... R6d7 27. Bf5 Rc7 28.
Qf4 $1 {[%csl Rc7]} Rf7 29. Be6 $18) 27. Qa3 $18 {[%csl Ra6]} Rd2 28. Bb3 Rxe2
29. Rxe2 Qf8 30. Qxa6 Re8 31. Bd1 Rd8 32. Bc2 Re8 33. Re4 $1 Rc8 34. Re6 b4 35.
Qb7 $1 Qg8 (35... bxc3 36. Rxf6 $1 $18 {[%csl Rc8,Rh7]}) 36. Bb3 Rb8 37. Qxc6
bxc3 38. bxc3 Rc8 39. Qe4 Qf8 (39... Bxc3 40. Rh6) 40. c4 Rd8 41. Qf5 Bd4 42.
Qxf8+ Rxf8 43. Re2 g5 44. Kg2 g4 45. Ba4 Kg7 46. Be8 Kf6 47. Bh5 Rc8 48. Bxg4
Rxc4 49. Re6+ 1-0

[Event "EU-Cup 19th"]
[Site "Rethymno"]
[Date "2003.10.02"]
[Round "5.1"]
[White "Acs, Peter"]
[Black "Jeremic, Veljko"]
[Result "1/2-1/2"]
[WhiteElo "2606"]
[BlackElo "2467"]
[Annotator "Finkel,A"]
[PlyCount "71"]
[EventDate "2003.09.28"]
[EventType "team-swiss"]
[EventRounds "7"]
[EventCountry "GRE"]
[SourceTitle "CBM 098"]
[Source "ChessBase"]
[SourceDate "2004.02.03"]
[SourceVersion "1"]
[SourceVersionDate "2004.02.03"]
[SourceQuality "1"]
[WhiteTeam "Grodzisk"]
[BlackTeam "Glasinac"]
[WhiteTeamCountry "POL"]
[BlackTeamCountry "BIH"]

1. e4 e6 2. d4 d5 3. Nc3 dxe4 4. Nxe4 Nd7 5. Nf3 Ngf6 6. Nxf6+ Nxf6 7. Bg5 h6
8. Bh4 c5 9. Ne5 (9. Bd3 cxd4 10. Nxd4 Be7 (10... Bc5 11. Nf3 O-O 12. O-O b6
13. Qe2 Bb7 14. Rad1 Qc7 15. Ne5 Rfd8 16. Kh1 Rd4 17. f4 $14 {Fedorchuk,
S-Mirzoev,A/Calicut 1998}) 11. O-O O-O 12. c3 Nd5 13. Bxe7 Qxe7 14. Re1 Qc7 $5
15. a4 $5 Bd7 $13 {Kovacevic,A-Antic,D/Banja Koviljaca 2002/CBM 89}) (9. c3
cxd4 10. Nxd4 Be7 11. Bb5+ Bd7 12. Qb3 Bxb5 13. Qxb5+ Qd7 14. Qxd7+ Nxd7 15.
Bxe7 Kxe7 16. O-O-O Rhc8 17. Rhe1 {1/2-1/2 Sax,G-Psakhis,L/Manila 1992/TD (17)}
) (9. Bc4 cxd4 10. O-O (10. Qxd4 Qxd4 11. Nxd4 a6 12. a4 Bd7 13. f3 Rc8 14. Bb3
Bc5 15. O-O-O Rd8 16. Rd3 $14 {Dutreeuw,M-Arkhipov,S/Miskolc 1990}) 10... Be7 (
10... Bc5 11. Qe2 O-O 12. Rad1 Qb6 13. Bxf6 gxf6 14. Nxd4 Qxb2 15. Rd3 $40 {
Kling,T-Vuksanovic,S/Erevan olw 1996 (25)}) 11. Qe2 a6 12. Rad1 b5 $6 13. Bb3
Nd7 $6 (13... Bb7 14. Nxd4 Qb6 15. Rd3 Rd8 16. Rfd1 O-O 17. Nf5 $14) 14. Qe4 $1
$16 {Morozevich,A-Ulibin,M/Maikop 1998}) (9. Bxf6 gxf6 10. Be2 cxd4 11. Nxd4
Bc5 12. Nb3 Qxd1+ 13. Rxd1 Bb6 14. Bf3 Rb8 $11 {Huebner,R-Rivas Pastor,M/
Manila 1992}) (9. dxc5 Qa5+ (9... Qxd1+ 10. Rxd1 Bxc5 11. Be2 Ke7 12. Ne5 g5
13. Bg3 Ne4 14. Bh5 Rf8 15. Bf3 $14 {Vallejo Pons,F-Kaminski,M/WchJM-U18 1995 
(42)}) 10. Qd2 Qxd2+ 11. Nxd2 Bxc5 12. O-O-O O-O 13. Bxf6 gxf6 14. Ne4 Be7 15.
Be2 f5 16. Nd6 Rd8 $11 {Toth,A-Borcsok,L/HUN 1995}) (9. Be2 Be7 10. O-O O-O 11.
c3 Qb6 12. Qc2 Rd8 13. Rfd1 Bd7 14. a4 Rac8 $132 {Mirumian,V-Zifroni,D/
EUchJM-U18 1994 (42)}) 9... a6 (9... Qxd4 10. Bb5+ Nd7 $2 (10... Bd7 11. Nxd7
Nxd7 12. c3 Qe5+ 13. Kf1 Qc7 14. Qa4 Be7 15. Bg3 e5 $13 {Erdogdu,M-Spasov,V/
Istanbul 2003}) 11. Qe2 Qxh4 12. g3 Qb4+ 13. c3 Qa5 14. O-O-O Be7 15. Rxd7 $1
$18 {Boersma,J-Span,P/Amsterdam 2002}) (9... Qa5+ 10. c3 cxd4 11. Qxd4 Bc5 12.
Qf4 Bd6 13. Bg3 O-O 14. Be2 Nd7 15. Nc4 $14 {Nataf,I-Kosic,D/Budva 2002}) 10.
dxc5 Qa5+ 11. c3 Qxc5 12. Qe2 {Black proves to be better prepared for the play
with opposite castles, however it's hard to recommend white somthing better.
Pono' game against Bareev is quite impressive, but it's hard to believe that
white may get an opening advantage with the moves like 12.Bg3.} (12. Bg3 $5 Bd6
13. Ng4 $5 Bxg3 14. Nxf6+ gxf6 15. hxg3 Bd7 16. Rh4 $1 $14 {Ponomariov,
R-Bareev,E/Cap d'Agde 2003}) 12... Be7 13. O-O-O O-O 14. f4 b5 15. Kb1 (15.
Bxf6 Bxf6 16. Qe4 Ra7 17. Bd3 g6 18. h4 Rc7 19. h5 Bb7 20. Qe2 g5 $15) 15...
Bb7 16. Bf2 $6 {WHite is pushing too hard. The position was calling for} (16.
Bxf6 Bxf6 17. Nd7 Qf5+ 18. Qc2 Qxc2+ 19. Kxc2 Rfd8 20. Nxf6+ gxf6 21. Bd3 $11 {
with probable draw.}) 16... Qc7 17. Rg1 Rad8 $15 {Now black is just better.}
18. Rc1 (18. Bd4 Bc5 $17) 18... Bc5 19. g3 Ne4 (19... Bxf2 20. Qxf2 Ne4 21. Qe3
Nd2+ 22. Ka1 Qa5 23. Re1 Bd5 (23... b4 24. Bg2 Bxg2 25. Rxg2 bxc3 26. Qxc3 Nb3+
27. Kb1 Qxc3 28. bxc3 Nc5 $11) 24. a3 Nxf1 25. Rgxf1 Qa4 $17) 20. Bd4 $6 Qb6 (
20... Bxd4 21. cxd4 Qa5 22. Rd1 Bd5 23. a3 b4 24. Qxa6 Qc7 $17) 21. Bg2 Bxd4
22. cxd4 Rxd4 23. Rgd1 Bd5 (23... Rfd8 24. Rxd4 Rxd4 $19) 24. Nd7 Qa5 25. b3
Nc3+ $6 {This move should be also sufficient for a win, but more convincing
looked} (25... Nd2+ $1 26. Kb2 Nxb3 $1 {[%csl Rb2]} (26... Bxb3 27. axb3 Rxd7
$19) 27. axb3 Bxb3 28. Ra1 Qb4 29. Rxd4 Bc4+ $19) 26. Rxc3 Qxc3 27. Rxd4 Qxd4
28. Nxf8 Qg1+ (28... Kxf8) 29. Kc2 Bxg2 30. Nxe6 Bf1 $2 {Letting white to
escape.} (30... Bh3 $1 31. Nd8 Bf5+ 32. Kc3 Qc5+ 33. Kb2 Qd4+ $19) 31. Qe5
Qxh2+ 32. Kc1 fxe6 33. Qxe6+ Kh8 34. Qe8+ Kh7 35. Qe4+ Kg8 36. Qe8+ 1/2-1/2